Súdružka moja zem

Bibliographic Details
Main Author: Lajčiak, Milan, 1926-1987 (Author)
Other Authors: Mihálik, Vojtech, 1926-2001 (Author of afterword, colophon, etc.)
Format: Book
Language:Slovak
PhysicalDescription:51, [3] s. 8°
Published: Bratislava Slovenský spisovateľ 1973
Edition:5. vyd.
Subjects:

MARC

LEADER 00000cam a2200000 a 4500
001 vtls008345700
003 SK-MaSNL
005 20260302014653.0
008 180814s1973 xo g 000 p slo
015 |a SNBA1973/03-00599 
035 |a SK01SNK19730037917 
035 |a SKM000040380 
040 |a SNK  |b slo  |c SNK  |e AACR2 
041 0 |a slo 
044 |a xo  |c SK 
072 7 |a 821.162.4-1  |x Slovenská poézia  |2 konspekt 
080 |a 821.162.4-1  |2 2011 
080 |a (0:82-1)  |2 2011 
100 1 |a Lajčiak, Milan,  |d 1926-1987  |4 aut  |9 108090 
245 1 0 |a Súdružka moja zem  |c Milan Lajčiak ; [doslov Vojtech Mihálik] 
250 |a 5. vyd. 
260 |a Bratislava  |b Slovenský spisovateľ  |c 1973  |e Košice  |f Východoslovenské tlačiarne 
300 |a 51, [3] s.  |c 8° 
655 7 |a slovenská poézia  |2 SNKPH  |9 70444 
655 7 |a Slovak poetry  |2 SNKPHeng  |9 265010 
700 1 |a Mihálik, Vojtech,  |d 1926-2001  |4 aft  |9 13821 
852 |a Štátna vedecká knižnica v Banskej Bystrici 
852 |a Slovenská národná knižnica v Martine  |b 10000  |h SD 42323 
919 |a viaz. 
958 |a OND 
958 |a TL 
958 |a RK 
958 |a LX 
958 |a BQ 
999 |c 1017821  |d 1019751 
952 |a SNK  |b SNK  |y PREZ  |7 0  |o snkSD 42323  |0 0  |1 0  |4 0  |d 2017-12-10  |l 0  |r 2026-02-24 13:14:22  |w 2026-02-24 
952 |a SNK  |b SNK  |y PREZ  |7 0  |p 17A1315824  |o snkSD 42323 D1  |i snkKSP 2534/73  |0 0  |1 0  |4 0  |d 2017-12-10  |l 0  |r 2026-02-24 13:14:22  |w 2026-02-24